Score 0/22 Timer 05:00
1 Play Today
Answer % Correct
Italy
95.1%
Spain
94.5%
France
94.3%
Turkey
93.4%
Greece
93.2%
Egypt
92.2%
Morocco
90.4%
Cyprus
89%
Israel
88%
Algeria
87.4%
Libya
87.3%
Answer % Correct
Tunisia
85.8%
Syria
85.7%
Monaco
85.6%
Malta
83.8%
Croatia
83.3%
Lebanon
82.1%
Albania
80.4%
Palestine
79.1%
Slovenia
78%
Bosnia & Herzegovina
75.1%
Montenegro
74.8%
Remove Ads.
Support Sporcle.
Get the best of Sporcle when you Go Orange. This ad-free experience offers more features, more stats, and more fun while also helping to support Sporcle. Thank you for becoming a member.

You're not logged in!

Compare scores with friends on all Sporcle quizzes.
OR
Log In

Show Comments

Extras

Top Quizzes Today


Score Distribution

Your Account Isn't Verified!

In order to create a playlist on Sporcle, you need to verify the email address you used during registration. Go to your Sporcle Settings to finish the process.

Report this User

Report this user for behavior that violates our Community Guidelines.

Details: